| 000 | 00656nam a2200205Ia 4500 | ||
|---|---|---|---|
| 008 | 191130s2000##################000#0#eng## | ||
| 020 | _a9780123276452 | ||
| 040 |
_aACL _cACL |
||
| 082 | _a592.1776 HAR | ||
| 245 |
_aIces Zooplankton methodology manual _cedited by] Roger Harris ... [et al.] |
||
| 250 | _a1st ed | ||
| 260 |
_aAmsterdam ; Boston _bElsevier / Academic Press _c2000 |
||
| 300 | _axxi,684p.,[4]p. of plates : ill.(some col.) ; 25cm | ||
| 500 | _aIncludes index | ||
| 650 | _aMarine zooplankton -- Ecology | ||
| 700 | _aHarris, Roger (Roger P. ) | ||
| 990 | _a8a2afc82ac10000c5fb8372baf89d703 | ||
| 991 | _a198844 | ||
| 999 |
_c210690 _d210690 |
||